000
00343nam a2200145Ia 4500
100
_a
Greenberg/ Jeff/ Lakeland
942
_c
BK
654
_a
computer
245
_a
Building Professional Web sites with the Right Tools
260
_b
Prentice Hall
_c
2000
082
_a
5.72
_b
GRE
300
_a
534
546
_a
ENGLISH
999
_c
24478
_d
24478